[Event "21.Wörishofen-Seniorenen op"]
[Site "Bad Wörishofen (03.03.-11.03)"]
[Date "2005.03.08"]
[Round "6.67"]
[White "Ludwig, Egbert"]
[Black "Salomon, Heide"]
[Result "0-1"]
[WhiteElo "1098"]
[BlackElo "1523"]
[PlyCount "30"]
[EventDate "2005.03.??"]
[Source "Chessorg"]
[SourceDate "2005.12.10"]

1. d4 Nf6 2. Nf3 e6 3. c4 Bb4+ 4. Nbd2 O-O 5. g3 d5 6. b3 dxc4 7. bxc4 Bc3 8.
Bg2 Bxa1 9. Nb3 Bc3+ 10. Bd2 Bxd2+ 11. Nbxd2 Bd7 12. Ne5 Bc6 13. O-O Bxg2 14.
Kxg2 Qxd4 15. f4 Nc6 0-1

[Event "21.Wörishofen-Seniorenen op"]
[Site "Bad Wörishofen (03.03.-11.03)"]
[Date "2005.03.08"]
[Round "6.68"]
[White "Hennige, Anneliese"]
[Black "Buchner, Matthias"]
[Result "1/2-1/2"]
[WhiteElo "1034"]
[BlackElo "1456"]
[PlyCount "42"]
[EventDate "2005.03.??"]
[Source "Chessorg"]
[SourceDate "2005.12.10"]

1. e4 e5 2. Nf3 Nc6 3. c3 Nf6 4. d3 Be7 5. Be2 O-O 6. O-O h6 7. h3 d6 8. Nh2
Be6 9. Nd2 a6 10. Ndf3 b5 11. b4 a5 12. d4 Nxe4 13. Qc2 Bf5 14. Bxb5 Ng3 15.
Bd3 Bxd3 16. Qxd3 Nh5 17. Qe4 Qd7 18. d5 Nd8 19. g4 Nf6 20. Qe3 Nxd5 21. Qd2
Qc6 1/2-1/2

[Event "21.Wörishofen-Seniorenen op"]
[Site "Bad Wörishofen (03.03.-11.03)"]
[Date "2005.03.08"]
[Round "6.70"]
[White "Seitz, Heinz[39Nbg]"]
[Black "Kuhnert, Werner"]
[Result "1-0"]
[WhiteElo "1457"]
[BlackElo "1316"]
[PlyCount "68"]
[EventDate "2005.03.??"]
[Source "Chessorg"]
[SourceDate "2005.12.10"]

1. d4 d5 2. h3 e6 3. Nf3 Nf6 4. e3 Be7 5. Bd3 c5 6. c4 Nbd7 7. Nc3 Nb6 8. cxd5
exd5 9. b3 c4 10. bxc4 Nxc4 11. Bxc4 dxc4 12. Qa4+ Bd7 13. Qxc4 Rc8 14. Qd3 a6
15. a3 Qc7 16. Bb2 Qc4 17. Qxc4 Rxc4 18. Ne5 Rc8 19. Nxd7 Nxd7 20. Nd5 Bd6 21.
O-O O-O 22. a4 Bb8 23. Ne7+ Kh8 24. Nxc8 Rxc8 25. Rac1 Re8 26. Rc2 Nb6 27. a5
Nd5 28. Ba3 Bc7 29. Rc5 Rd8 30. e4 b6 31. axb6 Bxb6 32. Rxd5 Rxd5 33. exd5 Bxd4
34. Rc1 h6 1-0

[Event "21.Wörishofen-Seniorenen op"]
[Site "Bad Wörishofen (03.03.-11.03)"]
[Date "2005.03.08"]
[Round "6.71"]
[White "Buss, Richard"]
[Black "Malik, Rosemarie"]
[Result "1-0"]
[WhiteElo "1373"]
[BlackElo "1335"]
[PlyCount "50"]
[EventDate "2005.03.??"]
[Source "Chessorg"]
[SourceDate "2005.12.10"]

1. d4 Nf6 2. c4 e6 3. Nc3 Bb4 4. Bd2 Bxc3 5. Bxc3 d5 6. b3 Nc6 7. e3 Bd7 8. Nf3
h6 9. Bd3 dxc4 10. bxc4 O-O 11. O-O a5 12. a3 Nb8 13. Ne5 c6 14. Nxd7 Nbxd7 15.
f4 c5 16. d5 exd5 17. Qf3 Nb6 18. Rfd1 Qe7 19. cxd5 Nfxd5 20. Be5 Rfe8 21. Be4
Nc4 22. Bxd5 Nxe5 23. fxe5 Rab8 24. Rab1 b6 25. Bc4 Rf8 1-0

[Event "21.Wörishofen-Seniorenen op"]
[Site "Bad Wörishofen (03.03.-11.03)"]
[Date "2005.03.08"]
[Round "6.72"]
[White "Lamberger, Werner[39AUT]"]
[Black "Schafroth, Georg"]
[Result "0-1"]
[WhiteElo "1169"]
[BlackElo "1367"]
[PlyCount "76"]
[EventDate "2005.03.??"]
[Source "Chessorg"]
[SourceDate "2005.12.10"]

1. d4 Nf6 2. c4 d5 3. Nc3 c6 4. g3 e6 5. cxd5 exd5 6. Bg2 g6 7. Bg5 Bg7 8. Nf3
Qc7 9. Rc1 a6 10. Bxf6 Bxf6 11. Nxd5 Qa5+ 12. Nc3 O-O 13. Qd2 Be6 14. a3 Rd8
15. O-O Nd7 16. Rfd1 Nb6 17. Ne4 Qf5 18. Nxf6+ Qxf6 19. Qb4 Nd5 20. Qd2 Kg7 21.
e4 Nc7 22. e5 Qe7 23. h4 Bg4 24. Re1 Ne6 25. Qc3 Bxf3 26. Bxf3 Nxd4 27. Re4
Nxf3+ 28. Qxf3 h6 29. Qc3 Qe6 30. Kg2 Rd5 31. f4 Rad8 32. Re2 Rd3 33. Qe1 Qd5+
34. Re4 Rd2+ 35. Kh3 Qe6+ 36. g4 R8d3+ 37. Re3 h5 38. Rxd3 Qxg4# 0-1

[Event "21.Wörishofen-Seniorenen op"]
[Site "Bad Wörishofen (03.03.-11.03)"]
[Date "2005.03.08"]
[Round "7.1"]
[White "Packroff, Hermann"]
[Black "Goy, Udo"]
[Result "0-1"]
[WhiteElo "2103"]
[BlackElo "2163"]
[PlyCount "146"]
[EventDate "2005.03.??"]
[Source "Chessorg"]
[SourceDate "2005.12.10"]

1. e4 e6 2. d4 d5 3. Nd2 Nf6 4. e5 Nfd7 5. f4 c5 6. c3 Nc6 7. Ndf3 cxd4 8. cxd4
Bb4+ 9. Bd2 Qb6 10. a3 Bxd2+ 11. Qxd2 O-O 12. b4 f6 13. Bd3 Kh8 14. Ne2 fxe5
15. dxe5 a5 16. b5 Ne7 17. Ned4 Nc5 18. a4 Nxd3+ 19. Qxd3 Rxf4 20. O-O Bd7 21.
Kh1 Raf8 22. g3 Rg4 23. Rad1 h6 24. Kg2 Kg8 25. Rfe1 Be8 26. h3 Bg6 27. Qa3
Rxd4 28. Nxd4 Nf5 29. Nxf5 Bxf5 30. Qe3 Be4+ 31. Kg1 Qc7 32. Rf1 Rxf1+ 33. Rxf1
Qxe5 34. b6 Kh7 35. Rd1 Qb2 36. Rd2 Qa1+ 37. Kf2 Qxa4 38. h4 Qa1 39. g4 Qh1 40.
Kg3 a4 41. g5 h5 42. Kf4 Qxh4+ 43. Ke5 Bf5 44. Kd6 Qc4 45. Ke7 Kg6 46. Kd8 Qc6
47. Qe5 Qxb6+ 48. Ke8 Qc6+ 49. Ke7 h4 50. Rd4 Qc1 51. Kf8 Qc8+ 52. Ke7 Qh8 53.
Rxa4 h3 54. Ra2 Qg8 55. Rb2 Qf7+ 56. Kd8 Kxg5 57. Qg3+ Kh5 58. Rf2 Qf6+ 59. Kc7
Qg5 60. Qe5 b5 61. Rb2 Qf6 62. Qe2+ Bg4 63. Qh2 g5 64. Rf2 Bf5 65. Rb2 Qd4 66.
Kc6 Qc4+ 67. Kd7 Qf4 68. Qe2+ g4 69. Ra2 Qe4 70. Qf2 d4 71. Ke7 Qe5 72. Re2
Qg7+ 73. Kd6 g3 0-1

[Event "21.Wörishofen-Seniorenen op"]
[Site "Bad Wörishofen (03.03.-11.03)"]
[Date "2005.03.09"]
[Round "7.2"]
[White "Villing, Dieter"]
[Black "Fischer, Johann[35München]"]
[Result "0-1"]
[WhiteElo "2163"]
[BlackElo "2238"]
[PlyCount "117"]
[EventDate "2005.03.??"]
[Source "Chessorg"]
[SourceDate "2005.12.10"]

1. e4 c5 2. f4 Nc6 3. Nf3 e6 4. Bb5 Nge7 5. O-O a6 6. Bxc6 Nxc6 7. c4 b5 8. d3
Be7 9. Nc3 b4 10. Ne2 Bb7 11. Ng3 h5 12. Ng5 h4 13. Nh1 f6 14. Nh3 Qc7 15. N1f2
O-O-O 16. a3 a5 17. Be3 f5 18. axb4 axb4 19. Qa4 Nd4 20. Bxd4 cxd4 21. c5 Bxc5
22. Ng5 Rhf8 23. Rfc1 Kb8 24. Qb5 Rc8 25. Ra5 Qxf4 26. Rxc5 Qxg5 27. Rxc8+ Rxc8
28. Qe5+ Rc7 29. Rc5 Qd8 30. Qd6 Kc8 31. exf5 exf5 32. Nh3 Rxc5 33. Qxc5+ Bc6
34. Qxd4 Qe7 35. Kf2 g5 36. g3 hxg3+ 37. hxg3 Qh7 38. Ng1 Qh2+ 39. Ke1 Qxg3+
40. Ke2 f4 41. Qf2 Qg4+ 42. Ke1 Qe6+ 43. Kd2 Qe5 44. d4 Qf5 45. Nf3 b3 46. Ne1
Be4 47. Kc3 Bc2 48. d5 Qe5+ 49. Kc4 g4 50. Ng2 Qe4+ 51. Kc5 f3 52. Ne1 Qe5 53.
Qf1 Kc7 54. Nxc2 bxc2 55. Qc4 Qe3+ 56. Kb5+ Kd6 57. Qb4+ Kxd5 58. Qc4+ Ke5 59.
Qc3+ 0-1

[Event "21.Wörishofen-Seniorenen op"]
[Site "Bad Wörishofen (03.03.-11.03)"]
[Date "2005.03.09"]
[Round "7.3"]
[White "Minz, Michael"]
[Black "Igney, Volkhard"]
[Result "1/2-1/2"]
[WhiteElo "2055"]
[BlackElo "2178"]
[PlyCount "50"]
[EventDate "2005.03.??"]
[Source "Chessorg"]
[SourceDate "2005.12.10"]

1. e4 c6 2. d4 d5 3. e5 Bf5 4. Nc3 a6 5. Bd3 Bxd3 6. Qxd3 e6 7. Bf4 c5 8. Nce2
Nc6 9. c3 cxd4 10. Nxd4 Nxd4 11. cxd4 Bb4+ 12. Bd2 Qa5 13. a3 Bxd2+ 14. Qxd2
Qb5 15. Rc1 Ne7 16. Ne2 O-O 17. Rc5 Qd7 18. O-O Rfc8 19. Rfc1 Rxc5 20. Rxc5 Rc8
21. Qc2 Rc6 22. Rxc6 Qxc6 23. Qxc6 Nxc6 24. b3 Na5 25. Nc1 Nc6 1/2-1/2

[Event "21.Wörishofen-Seniorenen op"]
[Site "Bad Wörishofen (03.03.-11.03)"]
[Date "2005.03.09"]
[Round "7.4"]
[White "Zunker, Reinhard,Dr."]
[Black "Riedel, Lutz"]
[Result "0-1"]
[WhiteElo "2122"]
[BlackElo "2010"]
[PlyCount "76"]
[EventDate "2005.03.??"]
[Source "Chessorg"]
[SourceDate "2005.12.10"]

1. e4 c5 2. Nf3 Nc6 3. Bb5 g6 4. O-O Bg7 5. Re1 Nf6 6. d3 O-O 7. Nc3 a6 8. Bxc6
bxc6 9. e5 Nd5 10. Ne4 Qb6 11. c4 Nc7 12. Bg5 f6 13. exf6 exf6 14. Be3 Ne6 15.
Rb1 a5 16. d4 Qb4 17. d5 Nd4 18. b3 f5 19. Nxc5 Nxf3+ 20. Qxf3 f4 21. Nd3 fxe3
22. Nxb4 exf2+ 23. Kxf2 Rxf3+ 24. Kxf3 axb4 25. dxc6 dxc6 26. Rbd1 Kf7 27. g4
c5 28. Kg3 Bd4 29. Re2 Be6 30. Rf1+ Ke7 31. Rfe1 Ra6 32. h3 Rd6 33. Rf1 Bf6 34.
Rf3 h6 35. Rfe3 h5 36. Kf3 hxg4+ 37. hxg4 Bd4 38. Rd3 Kf6 0-1

[Event "21.Wörishofen-Seniorenen op"]
[Site "Bad Wörishofen (03.03.-11.03)"]
[Date "2005.03.09"]
[Round "7.5"]
[White "Hoennekes, Klaus"]
[Black "Neese, Hans-Joachim"]
[Result "1/2-1/2"]
[WhiteElo "2011"]
[BlackElo "2100"]
[PlyCount "182"]
[EventDate "2005.03.??"]
[Source "Chessorg"]
[SourceDate "2005.12.10"]

1. e4 c5 2. Nc3 Nc6 3. g3 g6 4. Bg2 Bg7 5. d3 d6 6. f4 e6 7. Nf3 Nge7 8. O-O
O-O 9. Kh1 Rb8 10. a4 a6 11. Rb1 b5 12. axb5 axb5 13. Ne2 d5 14. Be3 d4 15. Bf2
b4 16. Ra1 Bb7 17. Nd2 Na5 18. g4 f5 19. Bh4 Rf7 20. Ng3 Bf6 21. Bxf6 Rxf6 22.
b3 Rf7 23. Kg1 Qc7 24. g5 Ra8 25. Qe1 Ra6 26. Rf2 Nac6 27. Rxa6 Bxa6 28. e5 Rf8
29. Rf1 Nd5 30. Bxd5 exd5 31. Qe2 Nd8 32. Ra1 Bb7 33. Kf2 Ne6 34. Kf3 Ra8 35.
Qe1 Ra5 36. Ne2 Bc6 37. Qb1 Qa7 38. Rxa5 Qxa5 39. Kg3 Qa3 40. Qc1 Qa7 41. Nf3
Bb5 42. Qb1 Kf7 43. h4 Ke7 44. h5 Ng7 45. hxg6 hxg6 46. Qh1 Nh5+ 47. Kf2 Qa2
48. Ne1 Ke6 49. Kf3 Qa1 50. Qg1 Qd1 51. Qf2 Ke7 52. Kg2 Qxe2 53. Qxe2 Nxf4+ 54.
Kf3 Nxe2 55. Kxe2 Ke6 56. Nf3 f4 57. Nh4 Be8 58. Nf3 Kf5 59. Kf2 Bd7 60. Kg1
Ke6 61. Kf2 Ke7 62. Nh2 Bf5 63. Kf3 c4 64. Ke2 cxb3 65. cxb3 Ke6 66. Kd2 Kxe5
67. Nf3+ Kd6 68. Nxd4 Bg4 69. Nc2 Kc5 70. d4+ Kb5 71. Ne1 Bf5 72. Ng2 f3 73.
Ne3 Be4 74. Ke1 Kc6 75. Kf2 Kd6 76. Kg3 Ke6 77. Kf2 Bb1 78. Kxf3 Ba2 79. Nc2
Bxb3 80. Nxb4 Kf5 81. Nd3 Kxg5 82. Kg3 Kf5 83. Nf2 Bc2 84. Kf3 g5 85. Kg3 Be4
86. Ng4 Ke6 87. Ne3 Bf5 88. Kf3 Be4+ 89. Kg3 Kf6 90. Kg4 Kg6 91. Kg3 Kh5
1/2-1/2

[Event "21.Wörishofen-Seniorenen op"]
[Site "Bad Wörishofen (03.03.-11.03)"]
[Date "2005.03.09"]
[Round "7.7"]
[White "Kraft, Hans"]
[Black "Papenbrock, Volker"]
[Result "1-0"]
[WhiteElo "2052"]
[BlackElo "2085"]
[PlyCount "29"]
[EventDate "2005.03.??"]
[Source "Chessorg"]
[SourceDate "2005.12.10"]

1. e4 g6 2. d4 Bg7 3. Nc3 d6 4. f4 Nc6 5. Nf3 Bg4 6. Be3 Bxf3 7. gxf3 e5 8.
fxe5 dxe5 9. d5 Nd4 10. Nb5 Nxb5 11. Bxb5+ c6 12. dxc6 Qa5+ 13. c3 Qxb5 14.
Qd7+ Kf8 15. cxb7 1-0

[Event "21.Wörishofen-Seniorenen op"]
[Site "Bad Wörishofen (03.03.-11.03)"]
[Date "2005.03.09"]
[Round "7.8"]
[White "Fischer, Ernst[37Weiden]"]
[Black "Fahnenschmidt, Gerhard,Dr."]
[Result "0-1"]
[WhiteElo "1940"]
[BlackElo "2020"]
[PlyCount "80"]
[EventDate "2005.03.??"]
[Source "Chessorg"]
[SourceDate "2005.12.10"]

1. d4 Nf6 2. Nf3 c5 3. d5 b5 4. Bg5 Ne4 5. Bf4 e6 6. e3 Bb7 7. dxe6 fxe6 8. Be2
Be7 9. Nbd2 Bf6 10. Be5 O-O 11. Bxf6 Qxf6 12. Nxe4 Bxe4 13. c3 b4 14. Qd2 Nc6
15. O-O Qg6 16. Nh4 Qh6 17. f3 Bd5 18. c4 Bxc4 19. Bxc4 Qxh4 20. Qxd7 Qxc4 21.
Qxc6 Rac8 22. Qa4 Rfd8 23. Qb3 Qxb3 24. axb3 Rd3 25. e4 Rc7 26. Rfd1 Rxb3 27.
Rd2 c4 28. Kf2 Kf7 29. Ke2 g5 30. Ra5 Kf6 31. h3 h5 32. h4 Rg7 33. hxg5+ Rxg5
34. Rxg5 Kxg5 35. Rc2 Kf4 36. Kf2 h4 37. Rd2 c3 38. bxc3 bxc3 39. Rd1 Rb2+ 40.
Kf1 c2 0-1

[Event "21.Wörishofen-Seniorenen op"]
[Site "Bad Wörishofen (03.03.-11.03)"]
[Date "2005.03.09"]
[Round "7.9"]
[White "Delander, Adolf"]
[Black "Reimann, Guenther"]
[Result "1-0"]
[WhiteElo "2030"]
[BlackElo "1927"]
[PlyCount "57"]
[EventDate "2005.03.??"]
[Source "Chessorg"]
[SourceDate "2005.12.10"]

1. d4 e6 2. Nf3 f5 3. g3 Nf6 4. Bg2 c6 5. c4 Be7 6. O-O Na6 7. Nc3 O-O 8. d5
cxd5 9. cxd5 d6 10. dxe6 Nc5 11. Nd4 g6 12. b4 Nce4 13. Qb3 Nxc3 14. Qxc3 Re8
15. Bb2 a6 16. h3 h6 17. g4 fxg4 18. hxg4 Kh7 19. Bf3 Rg8 20. Rac1 d5 21. Kg2
Qd6 22. Rh1 Bxe6 23. Qe3 Nh5 24. Nxe6 Qxe6 25. Qxe6 Nf4+ 26. Kf1 Nxe6 27. Bxd5
Bg5 28. Bxe6 Rge8 29. Rc7+ 1-0

[Event "21.Wörishofen-Seniorenen op"]
[Site "Bad Wörishofen (03.03.-11.03)"]
[Date "2005.03.09"]
[Round "7.10"]
[White "Budt, Karl-Heinz"]
[Black "Ganslmayer, Herbert"]
[Result "1-0"]
[WhiteElo "2002"]
[BlackElo "1855"]
[PlyCount "85"]
[EventDate "2005.03.??"]
[Source "Chessorg"]
[SourceDate "2005.12.10"]

1. d4 d5 2. c4 e6 3. Nc3 f5 4. Nf3 Nf6 5. e3 c6 6. Bd3 Bd6 7. O-O O-O 8. Qc2
Ne4 9. Ne5 Nd7 10. f4 Ndf6 11. Bd2 Nxd2 12. Qxd2 Ne4 13. Qc2 Rf6 14. Rad1 Rh6
15. Nf3 Bd7 16. Qb3 Rb8 17. cxd5 exd5 18. Bxe4 fxe4 19. Nxe4 Bc7 20. Neg5 Qe8
21. Ne5 Bxe5 22. dxe5 Qh5 23. h3 Rg6 24. e4 h6 25. exd5 hxg5 26. dxc6+ Be6 27.
c7 Rf8 28. Rd8 Bxb3 29. Rxf8+ Kxf8 30. c8=Q+ Ke7 31. Qxb7+ Kf8 32. Qb8+ Ke7 33.
Qxa7+ Kf8 34. fxg5+ Kg8 35. Qb8+ Kh7 36. Qxb3 Qxg5 37. Qc2 Qxe5 38. b3 Qg3 39.
Kh1 Kh6 40. Qd2+ Kh7 41. Rf3 Qc7 42. Qd3 Qc1+ 43. Kh2 1-0

[Event "21.Wörishofen-Seniorenen op"]
[Site "Bad Wörishofen (03.03.-11.03)"]
[Date "2005.03.09"]
[Round "7.11"]
[White "Kripp, Wolfgang"]
[Black "Schuler, Georg"]
[Result "0-1"]
[WhiteElo "2038"]
[BlackElo "1885"]
[PlyCount "102"]
[EventDate "2005.03.??"]
[Source "Chessorg"]
[SourceDate "2005.12.10"]

1. e4 c5 2. d4 cxd4 3. c3 d3 4. Bxd3 Nc6 5. f4 g6 6. Nf3 Bg7 7. Qe2 d6 8. O-O
e6 9. Na3 Nge7 10. Be3 O-O 11. Rad1 a6 12. Qf2 b5 13. Nc2 Bb7 14. a4 bxa4 15.
Ra1 d5 16. Rxa4 dxe4 17. Bxe4 Nf5 18. Bc5 Re8 19. Rfa1 Qc8 20. Rd1 Bf8 21. Bb6
Nd6 22. Bd3 Qb8 23. g4 Ne7 24. Ne5 Nd5 25. Bc5 Qc7 26. Nb4 Ne4 27. Nxd5 exd5
28. Qc2 Qxc5+ 29. Kf1 Qe3 30. Bxe4 dxe4 31. Qf2 Qxf2+ 32. Kxf2 Rad8 33. Nd7 Kg7
34. Rad4 Be7 35. g5 Rc8 36. Ke1 h6 37. h4 hxg5 38. hxg5 Rh8 39. Kd2 Bc6 40. Ne5
Rh2+ 41. Kc1 e3 42. Re1 Rh3 43. Re2 Be8 44. Kc2 f6 45. gxf6+ Bxf6 46. Rd6 Bb5
47. Rg2 Rh6 48. Ng4 e2 49. Rxe2 Bxe2 50. Nxh6 Rf8 51. Rd2 Bh5 0-1

[Event "21.Wörishofen-Seniorenen op"]
[Site "Bad Wörishofen (03.03.-11.03)"]
[Date "2005.03.09"]
[Round "7.12"]
[White "Mentel, Juergen,Dr."]
[Black "Wunderer, Eckart"]
[Result "1/2-1/2"]
[WhiteElo "1963"]
[BlackElo "2006"]
[PlyCount "51"]
[EventDate "2005.03.??"]
[Source "Chessorg"]
[SourceDate "2005.12.10"]

1. e4 c6 2. c4 d5 3. cxd5 cxd5 4. exd5 Nf6 5. Qa4+ Nbd7 6. Nc3 g6 7. Nf3 Bg7 8.
Qb3 O-O 9. Bc4 a6 10. a4 Nb6 11. d3 Re8 12. O-O e6 13. dxe6 Bxe6 14. Be3 Nxc4
15. dxc4 Qc7 16. Nd5 Bxd5 17. cxd5 Qd7 18. Rfd1 Rad8 19. d6 b5 20. axb5 Qxb5
21. Qxb5 axb5 22. Ra7 Rd7 23. Rxd7 Nxd7 24. Nd4 Bxd4 25. Rxd4 f6 26. Kf1
1/2-1/2

[Event "21.Wörishofen-Seniorenen op"]
[Site "Bad Wörishofen (03.03.-11.03)"]
[Date "2005.03.09"]
[Round "7.14"]
[White "Gehrmann, Rudolf-Rainer"]
[Black "Klempt, Guenter"]
[Result "1-0"]
[WhiteElo "2017"]
[BlackElo "1943"]
[PlyCount "63"]
[EventDate "2005.03.??"]
[Source "Chessorg"]
[SourceDate "2005.12.10"]

1. c4 g6 2. g3 Bg7 3. Bg2 Nf6 4. Nc3 O-O 5. e3 c6 6. Nge2 d5 7. cxd5 cxd5 8. d4
Nc6 9. O-O e6 10. b3 a6 11. a4 Bd7 12. Ba3 Re8 13. Nf4 Rc8 14. Rc1 Qa5 15. Nd3
Qc7 16. Nc5 Qb8 17. b4 Red8 18. Re1 Qa7 19. Bf1 e5 20. b5 Nxd4 21. exd4 exd4
22. Nxd7 dxc3 23. b6 Qa8 24. Nxf6+ Bxf6 25. Be7 Bxe7 26. Rxe7 Re8 27. Rxe8+
Rxe8 28. Qxd5 Qb8 29. Bc4 Re6 30. Rxc3 Qe8 31. Qxb7 Rf6 32. Rf3 1-0

[Event "21.Wörishofen-Seniorenen op"]
[Site "Bad Wörishofen (03.03.-11.03)"]
[Date "2005.03.09"]
[Round "7.15"]
[White "Born, Bernd-Ludger,Dr."]
[Black "Knebel, Willi"]
[Result "0-1"]
[WhiteElo "1954"]
[BlackElo "1937"]
[PlyCount "40"]
[EventDate "2005.03.??"]
[Source "Chessorg"]
[SourceDate "2005.12.10"]

1. d4 Nf6 2. c4 c5 3. d5 g6 4. Nc3 e6 5. e4 exd5 6. cxd5 d6 7. Bd3 Bg7 8. Nge2
O-O 9. O-O Na6 10. Kh1 Nc7 11. a4 a6 12. Ng3 b6 13. f4 Ng4 14. Be2 Nxh2 15.
Kxh2 Qh4+ 16. Kg1 Bd4+ 17. Rf2 Qxg3 18. Qf1 Re8 19. Bf3 Bg4 20. Ne2 Bxf2+ 0-1

[Event "21.Wörishofen-Seniorenen op"]
[Site "Bad Wörishofen (03.03.-11.03)"]
[Date "2005.03.09"]
[Round "7.16"]
[White "Semmler, Guenter"]
[Black "Schurig, Wilhelm"]
[Result "0-1"]
[WhiteElo "1920"]
[BlackElo "1970"]
[PlyCount "83"]
[EventDate "2005.03.??"]
[Source "Chessorg"]
[SourceDate "2005.12.10"]

1. Nf3 g6 2. d4 Bg7 3. g3 d6 4. Bg2 c6 5. O-O Nd7 6. c4 Ngf6 7. Nc3 O-O 8. h3
e5 9. e4 Re8 10. Re1 Nf8 11. dxe5 dxe5 12. Qxd8 Rxd8 13. Nxe5 Re8 14. Nf3 Be6
15. Bf1 N6d7 16. Be3 Nb6 17. Nd2 Nfd7 18. f4 Bxc3 19. bxc3 Na4 20. Rac1 h5 21.
Nb3 Nb2 22. Nd2 Nb6 23. Bxb6 axb6 24. Rc2 Na4 25. Rb1 Red8 26. Nf3 c5 27. Kg2
Rd6 28. Be2 Rad8 29. Rb3 f6 30. Ra3 Bd7 31. Kf2 Bc6 32. Ke3 Kg7 33. Rd2 Kh6 34.
Rxd6 Rxd6 35. Nd2 Rd8 36. Rb3 Be8 37. Nf3 Bc6 38. g4 hxg4 39. hxg4 g5 40. fxg5+
fxg5 41. Ne5 Be8 42. Ra3 0-1

[Event "21.Wörishofen-Seniorenen op"]
[Site "Bad Wörishofen (03.03.-11.03)"]
[Date "2005.03.09"]
[Round "7.17"]
[White "Lang, Hermann[35Merzig]"]
[Black "Kaiser, Hans[35BGladbach]"]
[Result "1-0"]
[WhiteElo "1717"]
[BlackElo "1612"]
[PlyCount "109"]
[EventDate "2005.03.??"]
[Source "Chessorg"]
[SourceDate "2005.12.10"]

1. c4 Nf6 2. Nc3 e6 3. g3 d5 4. Bg2 c6 5. cxd5 exd5 6. d3 Bd6 7. Nf3 O-O 8. Bg5
h6 9. Bd2 Bf5 10. Nd4 Bg6 11. O-O Re8 12. Rc1 Nbd7 13. a3 Rc8 14. b4 a6 15. Nb3
b6 16. Re1 Ne5 17. Bf4 Nh5 18. Bxe5 Bxe5 19. d4 Bd6 20. e4 dxe4 21. Nxe4 Re6
22. d5 cxd5 23. Qxd5 Rxc1 24. Rxc1 Nf6 25. Nxf6+ Qxf6 26. Nd4 Re8 27. Bf3 Be5
28. Nc6 Bb2 29. Rd1 Bxa3 30. Kg2 Rc8 31. Qd7 Rf8 32. Re1 Bf5 33. Ne7+ Kh8 34.
Nxf5 Bxb4 35. Re8 Rxe8 36. Qxe8+ Kh7 37. Be4 g6 38. Ne3 Bc5 39. Ng4 Qg7 40. Bd5
f5 41. Ne5 Bd6 42. f4 g5 43. Qf7 Qxf7 44. Bxf7 Kg7 45. Bd5 gxf4 46. gxf4 Kf6
47. Nd7+ Ke7 48. Nxb6 Bxf4 49. h3 Kd6 50. Bg8 a5 51. Nc4+ Kc5 52. Nxa5 Kd4 53.
Bh7 Ke5 54. Kf3 Bd2 55. Nc4+ 1-0

[Event "21.Wörishofen-Seniorenen op"]
[Site "Bad Wörishofen (03.03.-11.03)"]
[Date "2005.03.09"]
[Round "7.18"]
[White "Von Hoesslin, Holger"]
[Black "Selg, Rudolf"]
[Result "0-1"]
[WhiteElo "1601"]
[BlackElo "1807"]
[PlyCount "90"]
[EventDate "2005.03.??"]
[Source "Chessorg"]
[SourceDate "2005.12.10"]

1. e4 d5 2. Nc3 dxe4 3. Nxe4 Bf5 4. Ng3 Bg6 5. d4 e6 6. Nf3 Nf6 7. Ne5 Nbd7 8.
Nxg6 hxg6 9. Bg5 c6 10. Bc4 Qa5+ 11. Qd2 Qxd2+ 12. Bxd2 Bd6 13. O-O-O Nb6 14.
Be2 O-O-O 15. h4 Bxg3 16. fxg3 Rxd4 17. Rdf1 Rxd2 18. Kxd2 Ne4+ 19. Ke3 Nxg3
20. Rfg1 Nxh1 21. Rxh1 Nd5+ 22. Ke4 Nf6+ 23. Ke5 Rd8 24. Bd3 Rd5+ 25. Kf4 Nh5+
26. Kf3 Kd7 27. g4 Nf6 28. Kg3 Rd4 29. g5 Nh5+ 30. Kf3 Ke7 31. Ke3 Rg4 32. Be2
Ra4 33. Bxh5 gxh5 34. a3 Rg4 35. b3 e5 36. a4 a5 37. Kf3 Ke6 38. Rh2 Kf5 39.
Rd2 Rd4 40. Rh2 c5 41. c3 Rd3+ 42. Ke2 Rxc3 43. Rf2+ Ke6 44. Rf3 Rxf3 45. Kxf3
Kf5 0-1

[Event "21.Wörishofen-Seniorenen op"]
[Site "Bad Wörishofen (03.03.-11.03)"]
[Date "2005.03.09"]
[Round "7.19"]
[White "Bierwisch, Bernhard"]
[Black "Mueller, Manfred[42Senftenb]"]
[Result "1-0"]
[WhiteElo "2117"]
[BlackElo "1901"]
[PlyCount "95"]
[EventDate "2005.03.??"]
[Source "Chessorg"]
[SourceDate "2005.12.10"]

1. e4 c6 2. d4 d5 3. Nc3 dxe4 4. Nxe4 Bf5 5. Ng3 Bg6 6. h4 h6 7. h5 Bh7 8. Nf3
e6 9. Bd3 Bxd3 10. Qxd3 Nf6 11. Bd2 Nbd7 12. Qe2 Qc7 13. Ne5 c5 14. Nxd7 Qxd7
15. dxc5 Bxc5 16. O-O-O Qa4 17. Bc3 O-O 18. Bxf6 Qf4+ 19. Kb1 Qxf6 20. Ne4 Qe7
21. Qb5 b6 22. Rd7 Qe8 23. Rhd1 Qc8 24. b4 Rb8 25. Qc4 Qc6 26. b5 Qc8 27. Rxa7
Rd8 28. Rd3 Rxd3 29. Qxd3 Rb7 30. Rxb7 Qxb7 31. Nxc5 bxc5 32. f3 Qb6 33. Kb2
Qa5 34. Qc4 Qb6 35. a4 Qd6 36. a5 Qe5+ 37. Qc3 Qxh5 38. a6 Qd5 39. Qd3 Qe5+ 40.
Ka2 Qc7 41. Qa3 Qd6 42. a7 Qd5+ 43. Kb2 Qd4+ 44. Qc3 Qd5 45. Qd3 Qb7 46. Qd8+
Kh7 47. a8=Q Qxb5+ 48. Kc1 1-0

[Event "21.Wörishofen-Seniorenen op"]
[Site "Bad Wörishofen (03.03.-11.03)"]
[Date "2005.03.09"]
[Round "7.20"]
[White "Bernhoeft, Erhard"]
[Black "Josting, Friedel"]
[Result "1/2-1/2"]
[WhiteElo "1922"]
[BlackElo "1886"]
[PlyCount "29"]
[EventDate "2005.03.??"]
[Source "Chessorg"]
[SourceDate "2005.12.10"]

1. Nf3 c5 2. d4 cxd4 3. Nxd4 g6 4. g3 Bg7 5. Bg2 Nf6 6. O-O O-O 7. c3 Nc6 8.
Qb3 a6 9. Nd2 Qc7 10. N2f3 d6 11. Nxc6 bxc6 12. Nd4 Bb7 13. Bg5 h6 14. Bd2 Rab8
15. Qa3 1/2-1/2

[Event "21.Wörishofen-Seniorenen op"]
[Site "Bad Wörishofen (03.03.-11.03)"]
[Date "2005.03.09"]
[Round "7.21"]
[White "Molez, Karl"]
[Black "Bierbach, Utz-Friedrich"]
[Result "1-0"]
[WhiteElo "1842"]
[BlackElo "1745"]
[PlyCount "143"]
[EventDate "2005.03.??"]
[Source "Chessorg"]
[SourceDate "2005.12.10"]

1. d4 Nf6 2. Nf3 d6 3. c4 Bg4 4. Nbd2 c6 5. e3 Nbd7 6. Be2 e5 7. dxe5 dxe5 8.
Qc2 Qc7 9. a3 Be7 10. b4 O-O 11. O-O c5 12. Rb1 Rfe8 13. Bd3 cxb4 14. axb4 Bxf3
15. gxf3 Nf8 16. Ne4 Rac8 17. Nxf6+ Bxf6 18. Ba3 g6 19. Rfc1 Ne6 20. Be4 Red8
21. Qe2 b6 22. Bd5 Qe7 23. Qa2 Rd7 24. Qb3 Bg7 25. Kf1 Qf6 26. Bb2 Qf5 27. Ke2
h5 28. Be4 Qf6 29. Rd1 Rcd8 30. Rxd7 Rxd7 31. Rd1 Qd8 32. Rxd7 Qxd7 33. Qd3
Qxd3+ 34. Kxd3 f5 35. Bd5 Kf7 36. Kc2 Bf6 37. Bc3 Ke7 38. Kb3 g5 39. Ka4 Nc7
40. Bb7 h4 41. Bc8 f4 42. Bf5 Kd6 43. Bb2 Kc6 44. b5+ Kb7 45. Bd7 a6 46. Kb3
Kb8 47. Ba3 axb5 48. cxb5 fxe3 49. fxe3 Nd5 50. Bd6+ Ka7 51. Kc4 Nxe3+ 52. Kd3
Nf1 53. Ke2 Nxh2 54. Kf2 Kb7 55. Kg2 Nxf3 56. Kxf3 Bd8 57. Kg4 Bc7 58. Be7 e4
59. Bxg5 Bd6 60. Bc6+ Kc7 61. Bxe4 Bc5 62. Bxh4 Kd7 63. Kf5 Bd4 64. Bf6 Be3 65.
Ke5 Kc7 66. Kd5 Kb7 67. Kd6+ Ka7 68. Kc6 Bc5 69. Bf5 Be3 70. Bd8 Bf2 71. Kc7
Bg3+ 72. Kc8 1-0

[Event "21.Wörishofen-Seniorenen op"]
[Site "Bad Wörishofen (03.03.-11.03)"]
[Date "2005.03.09"]
[Round "7.22"]
[White "Reinke, Kurt[39Benrath]"]
[Black "Smits, Oswald"]
[Result "1-0"]
[WhiteElo "1835"]
[BlackElo "1714"]
[PlyCount "35"]
[EventDate "2005.03.??"]
[Source "Chessorg"]
[SourceDate "2005.12.10"]

1. d4 Nf6 2. Nf3 b6 3. c4 e6 4. Nc3 Bb7 5. Bg5 Be7 6. e3 d6 7. Bd3 Nbd7 8. Rc1
O-O 9. O-O c5 10. Re1 cxd4 11. exd4 d5 12. Qe2 Re8 13. Ne5 dxc4 14. Bxc4 a6 15.
Nxf7 Kxf7 16. Qxe6+ Kg6 17. Qf7+ Kxg5 18. Qxg7+ 1-0